Advances in librarianship (Record no. 23193)

MARC details
000 -LEADER
fixed length control field 00595nam a2200205Ia 4500
020 ## - INTERNATIONAL STANDARD BOOK NUMBER
ISBN 0-12-785008-2
082 ## - DEWEY DECIMAL CLASSIFICATION NUMBER
Classification number 025.04 KHA-;
100 ## - MAIN ENTRY--AUTHOR NAME
Personal name J.K. Khanna
245 #0 - TITLE STATEMENT
Title Advances in librarianship
260 ## - PUBLICATION, DISTRIBUTION, ETC. (IMPRINT)
Place of publication New Delhi
Name of publisher Ess Ess Publications
Year of publication 1985
300 ## - PHYSICAL DESCRIPTION
Number of Pages xi, 440p.
504 ## - BIBLIOGRAPHY, ETC. NOTE
Bibliography, etc Includes index
650 ## - SUBJECT ADDED ENTRY--TOPICAL TERM
Topical Term Library science - Data processing
650 ## - SUBJECT ADDED ENTRY--TOPICAL TERM
Topical Term Information storage and retrieval systems
650 ## - SUBJECT ADDED ENTRY--TOPICAL TERM
Topical Term Information services
650 ## - SUBJECT ADDED ENTRY--TOPICAL TERM
Topical Term Information science - Study and teaching
650 ## - SUBJECT ADDED ENTRY--TOPICAL TERM
Topical Term Libraries - Automation
700 ## - ADDED ENTRY--PERSONAL NAME
Personal name Harris, Michael H.
942 ## - ADDED ENTRY ELEMENTS (KOHA)
Koha item type Books
Source of classification or shelving scheme Dewey Decimal Classification
Holdings
Withdrawn status Lost status Damaged status Not for loan Home library Current library Date acquired Bill Date Full call number Accession Number Price effective from Koha item type
        NASSDOC Library NASSDOC Library 08/06/2004 2004-10-22 025.04 KHA-; 17739 23/04/2019 Books